|
|
|
|
| LEADER |
01082nam a2200241 a 4500 |
| 001 |
GR-MES14777 |
| 008 |
071127s2005 gr u000 0 gre d |
| 020 |
|
|
|a 9604422383
|q χαρτόδ.
|
| 040 |
|
|
|a GrPaTEI
|b gre
|c GR-PaULI
|
| 040 |
|
|
|a GrPaTEI
|b gre
|c GR-PaULI
|
| 082 |
|
0 |
|a 363.7
|2 21
|
| 100 |
1 |
|
|a Φλογαϊτη, Ευγενία
|
| 245 |
1 |
0 |
|a Εκπαίδευση για το περιβάλλον και την αειφορία /
|c Ευγενία Φλογαϊτη.
|
| 260 |
|
|
|a Αθήνα :
|b Ελληνικά Γράμματα,
|c 2006
|
| 300 |
|
|
|a 309 σ. ;
|c 21 εκ.
|
| 504 |
|
|
|a Περιλαμβάνει βιβλιογραφία.
|
| 650 |
|
4 |
|a ΑΕΙΦΟΡΟΣ ΑΝΑΠΤΥΞΗ
|
| 650 |
|
4 |
|a Οικολογία
|
| 650 |
|
4 |
|a ΠΕΡΙΒΑΛΛΟΝ-ΕΚΠΑΙΔΕΥΣΗ
|
| 942 |
|
|
|2 ddc
|
| 952 |
|
|
|0 0
|1 0
|2 ddc
|4 0
|6 363_700000000000000_ΦΛΟ
|7 0
|9 272672
|a MSLG
|b MSLG
|c BSC
|d 2021-01-17
|e 24
|f 0
|g 0.00
|l 0
|o 363.7 ΦΛΟ
|p 2420000023233
|r 2021-01-17 00:00:00
|t 1
|w 2021-01-17
|y BK15
|x 20090213 0 ΤΣΑΝΤΑΡΛΙΩΤΗ 1
|x GrPaTEI
|
| 971 |
|
|
|a .b25808266
|b 16-04-20
|c 13-09-16
|
| 999 |
|
|
|c 157738
|d 157738
|